Statistics for Countries of Eurasia with an Empty Map

Click here to take the quiz!

General Stats

  • This quiz has been taken 2,711 times
    (2,407 since last reset)
  • The average score is 84 of 93

Answers on the Map

Answers color-coded by a green-red scale on the quiz's map according to % correct below.
 

Answer Stats

Country% Correct
Russia
97%
China
96%
France
95%
United Kingdom
95%
Finland
94%
Germany
94%
India
94%
Italy
94%
Kazakhstan
94%
Mongolia
94%
Poland
94%
Spain
94%
Sweden
94%
Turkey
94%
Afghanistan
93%
Austria
93%
Belarus
93%
Czech Republic
93%
Greece
93%
Iran
93%
Iraq
93%
Norway
93%
Pakistan
93%
Portugal
93%
Romania
93%
Switzerland
93%
Ukraine
93%
Armenia
92%
Estonia
92%
Hungary
92%
Indonesia
92%
Japan
92%
Latvia
92%
Lithuania
92%
Luxembourg
92%
Nepal
92%
Saudi Arabia
92%
Serbia
92%
Slovakia
92%
Slovenia
92%
Turkmenistan
92%
Uzbekistan
92%
Albania
91%
Azerbaijan
91%
Belgium
91%
Bosnia and
Herzegovina
91%
Bulgaria
91%
Croatia
91%
Georgia
91%
Ireland
91%
Israel
91%
Jordan
91%
Laos
91%
Netherlands
91%
North Korea
91%
Oman
91%
South Korea
91%
Syria
91%
Tajikistan
91%
Thailand
91%
Vietnam
91%
Yemen
91%
Bhutan
90%
Cambodia
90%
Denmark
90%
Iceland
90%
Kosovo
90%
Kyrgyzstan
90%
Moldova
90%
North Macedonia
90%
Andorra
89%
Bangladesh
89%
Liechtenstein
89%
Montenegro
89%
Myanmar
89%
Vatican City
89%
Lebanon
88%
Malaysia
88%
Qatar
88%
San Marino
88%
United Arab Emirates
88%
Malta
87%
Cyprus
86%
Monaco
86%
Taiwan
86%
Bahrain
85%
Singapore
85%
Brunei
84%
Kuwait
84%
Sri Lanka
84%
East Timor
82%
Philippines
81%
Maldives
80%

Score Distribution

Percentile by Number Answered

Percent of People with Each Score

Your Score History

You have not taken this quiz since the last reset